[Event "66th NED-ch"]
[Site "Eindhoven NED"]
[Date "2010.06.11"]
[Round "1"]
[White "Bok, Benjamin"]
[Black "Reinderman, Dimitri"]
[Result "1-0"]
[WhiteElo "2430"]
[BlackElo "2537"]
[EventDate "2010.06.11"]
[PlyCount "83"]

1.e4 e6 2.d4 d5 3.Nd2 Nf6 4.e5 Nfd7 5.f4 c5 6.c3 Nc6 7.Ndf3 cxd4 8.cxd4 a5
9.Ne2 a4 10.a3 Nb6 11.Nc3 Bd7 12.Bd3 Na5 13.Bc2 Nac4 14.O-O Be7 15.Ng5 g6 
16.Qg4 Nc8 17.Qh3 Bxg5 18.fxg5 Qb6 19.Qh4 Ne7 20.Kh1 Bb5 21.Qf2 Rf8 22.
Nxb5 Qxb5 23.Bd2 Nxd2 24.Qxd2 Nc6 25.Rab1 Na5 26.Rf6 Nc4 27.Qf2 Rc8 28.Rf1
Ne3 29.Bxa4 Qxa4 30.Rxe6+ Kd7 31.Rd6+ Kc7 32.Qxe3 Qb5 33.Rdf6 Kb8 34.e6 
Qxb2 35.Rxf7 Rfe8 36.e7 Ka7 37.Rf8 Qb5 38.h3 Rc7 39.Rxe8 Qxe8 40.Re1 Rd7 
41.Qe6 Rc7 42.Qxd5 1-0

[Event "66th NED-ch"]
[Site "Eindhoven NED"]
[Date "2010.06.11"]
[Round "1"]
[White "Smeets, Jan"]
[Black "Spoelman, Wouter"]
[Result "1/2-1/2"]
[WhiteElo "2312"]
[BlackElo "2580"]
[EventDate "2010.06.11"]
[PlyCount "88"]

1.d4 Nf6 2.c4 e6 3.g3 c5 4.d5 exd5 5.cxd5 b5 6.Nf3 d6 7.e4 b4 8.Bb5+ Bd7 
9.Bd3 Be7 10.Bf4 O-O 11.Nbd2 Bh3 12.Qc2 h6 13.Bf1 Bxf1 14.Kxf1 Nbd7 15.Nc4
Nb6 16.Na5 Re8 17.Nc4 Nxc4 18.Qxc4 Nd7 19.Kg2 Bf6 20.Qc2 Nb6 21.Rad1 Qc7 
22.Rhe1 Rac8 23.Kg1 c4 24.Nd4 Bxd4 25.Rxd4 a5 26.Rc1 Qd7 27.Be3 c3 28.Qb1 
Nc4 29.bxc3 Nxe3 30.fxe3 bxc3 31.Qb3 Qc7 32.Rd3 c2 33.Rd2 Qa7 34.Rdxc2 
Rxc2 35.Rxc2 Rxe4 36.Kf2 Qd7 37.Qd3 Re5 38.e4 Qh3 39.Kg1 Qg4 40.Rc4 h5 41.
Kg2 g6 42.h3 Qd7 43.Rc6 Qe7 44.Qc3 Qg5 1/2-1/2

[Event "66th NED-ch"]
[Site "Eindhoven NED"]
[Date "2010.06.12"]
[Round "2"]
[White "Spoelman, Wouter"]
[Black "Nijboer, Friso"]
[Result "1/2-1/2"]
[WhiteElo "2580"]
[BlackElo "2565"]
[EventDate "2010.06.11"]
[PlyCount "110"]

1.d4 Nf6 2.c4 g6 3.Nc3 Bg7 4.e4 d6 5.Be2 O-O 6.Bg5 Na6 7.Qd2 e5 8.d5 c6 9.
f3 cxd5 10.cxd5 Bd7 11.Bxa6 bxa6 12.Nge2 a5 13.b3 Qb6 14.Nc1 Rfc8 15.Nd3 
a4 16.Be3 Qd8 17.O-O axb3 18.axb3 Qc7 19.Rfc1 Qb7 20.Ra3 Rc7 21.Qa2 a6 22.
Nb2 Ne8 23.Nc4 f5 24.Na4 Bb5 25.Nab6 Rd8 26.exf5 gxf5 27.Qb1 f4 28.Bf2 Nf6
29.Rd1 Qb8 30.Ra2 Rb7 31.Qf5 Kh8 32.Qe6 Ng8 33.Rad2 Re7 34.Qh3 Rb7 35.Qe6 
Re7 36.Qh3 Rb7 37.Qf5 Rf8 38.Qe6 Rd8 39.Na4 Re7 40.Qf5 Rf8 41.Qd3 Rb7 42.
Nc3 Nf6 43.Nxb5 Rxb5 44.Qc2 e4 45.fxe4 Ng4 46.Rd3 Ne5 47.Nxe5 Bxe5 48.Kh1 
Rc8 49.Qa2 Rb4 50.Qxa6 Rxe4 51.Qa2 Qb5 52.Qb1 Re2 53.R3d2 Rb8 54.Bd4 Rxd2 
55.Rxd2 Bxd4 1/2-1/2

[Event "66th NED-ch"]
[Site "Eindhoven NED"]
[Date "2010.06.13"]
[Round "3"]
[White "Ernst, Sipke"]
[Black "l`Ami, Erwin"]
[Result "1/2-1/2"]
[WhiteElo "2099"]
[BlackElo "2344"]
[EventDate "2010.06.11"]
[PlyCount "62"]

1.d4 Nf6 2.c4 e6 3.g3 d5 4.Nf3 Bb4+ 5.Bd2 Bd6 6.Nc3 c6 7.Qc2 Nbd7 8.g4 Bb4
9.e3 Bxc3 10.Bxc3 Ne4 11.Bb4 Qb6 12.Qa4 c5 13.dxc5 Nxc5 14.Qa3 O-O 15.cxd5
a5 16.Bc3 exd5 17.Be2 Ne4 18.Bd4 Qd8 19.h4 b6 20.Ng5 Ndc5 21.Nxe4 Nxe4 22.
Qb3 Rb8 23.Rd1 Be6 24.Be5 Rc8 25.f3 Nc5 26.Qa3 Qe7 27.Bd4 Qc7 28.f4 Ne4 
29.Rh2 Rfe8 30.b3 f6 31.Rg2 Bd7 1/2-1/2

[Event "66th NED-ch"]
[Site "Eindhoven NED"]
[Date "2010.06.13"]
[Round "3"]
[White "Nijboer, Friso"]
[Black "Bok, Benjamin"]
[Result "1-0"]
[WhiteElo "2565"]
[BlackElo "2430"]
[EventDate "2010.06.11"]
[PlyCount "101"]

1.e4 e5 2.Nf3 Nc6 3.Bb5 a6 4.Ba4 Nf6 5.O-O b5 6.Bb3 Bc5 7.a4 Rb8 8.c3 d6 
9.d4 Bb6 10.a5 Ba7 11.h3 O-O 12.Be3 exd4 13.cxd4 Nxe4 14.Qc2 Qe8 15.Nc3 
Nxc3 16.Qxc3 Ne7 17.Rac1 c6 18.Rfe1 Be6 19.Bg5 d5 20.Bxe7 Qxe7 21.Ne5 Qg5 
22.Nxc6 Ra8 23.Re5 Qf4 24.Qe3 Qxe3 25.fxe3 Bb8 26.Nxb8 Rfxb8 27.Bxd5 Bxd5 
28.Rxd5 Re8 29.Kf2 Re6 30.Rdc5 Rae8 31.R1c3 b4 32.Rb3 Kf8 33.Rc4 Rf6+ 34.
Ke2 Rf5 35.Rcxb4 Rxa5 36.Rb8 Rg5 37.Rxe8+ Kxe8 38.g4 Rg6 39.Kf3 Rf6+ 40.
Kg3 Re6 41.h4 Ke7 42.g5 h6 43.Kf4 Rc6 44.Rb7+ Ke8 45.d5 hxg5+ 46.hxg5 Rc2 
47.g6 fxg6 48.Ke5 Kf8 49.d6 Rc8 50.d7 Ra8 51.Rc7 1-0

[Event "66th NED-ch"]
[Site "Eindhoven NED"]
[Date "2010.06.13"]
[Round "3"]
[White "Smeets, Jan"]
[Black "Reinderman, Dimitri"]
[Result "1-0"]
[WhiteElo "2312"]
[BlackElo "2537"]
[EventDate "2010.06.11"]
[PlyCount "71"]

1.e4 Nf6 2.e5 Nd5 3.d4 d6 4.c4 Nb6 5.exd6 exd6 6.h3 Nc6 7.Nf3 Be7 8.Nc3 
Bf5 9.a3 O-O 10.Be2 Re8 11.O-O Bf6 12.Bf4 Be4 13.Nxe4 Rxe4 14.Be3 Qe8 15.
Bd3 Re7 16.Rc1 g6 17.Qd2 Qd7 18.b3 Rae8 19.Rfd1 Qd8 20.b4 a6 21.Bf1 Nd7 
22.b5 Ncb8 23.a4 c6 24.Bf4 Nf8 25.Bg3 Rd7 26.Rb1 axb5 27.cxb5 c5 28.a5 Ne6
29.d5 Nd4 30.Nxd4 Bxd4 31.Re1 Rde7 32.Bh4 f6 33.a6 Qb6 34.Qa2 c4 35.Rxe7 
Rxe7 36.Bxf6 1-0

[Event "66th NED-ch"]
[Site "Eindhoven NED"]
[Date "2010.06.13"]
[Round "3"]
[White "Van Wely, Loek"]
[Black "Spoelman, Wouter"]
[Result "0-1"]
[WhiteElo "2714"]
[BlackElo "2580"]
[EventDate "2010.06.11"]
[PlyCount "66"]

1.d4 d5 2.c4 c6 3.Nf3 Nf6 4.e3 Bg4 5.Nc3 e6 6.h3 Bxf3 7.Qxf3 Nbd7 8.Bd3 
Bb4 9.Bd2 O-O 10.a3 Ba5 11.O-O Re8 12.cxd5 exd5 13.b4 Bc7 14.b5 Nf8 15.
bxc6 bxc6 16.Rfc1 Ne6 17.h4 c5 18.dxc5 d4 19.Ne4 dxe3 20.Nxf6+ gxf6 21.
Qxe3 Ng5 22.Rd1 Rxe3 23.Bxe3 Ne6 24.Bxh7+ Kxh7 25.Rxd8 Rxd8 26.Kf1 Kg6 27.
Ke2 Nd4+ 28.Bxd4 Rxd4 29.Rb1 Rxh4 30.Rb7 Be5 31.g3 Ra4 32.Kd3 Rxa3+ 33.Kc4
Rf3 0-1

[Event "66th NED-ch"]
[Site "Eindhoven NED"]
[Date "2010.06.15"]
[Round "4"]
[White "Reinderman, Dimitri"]
[Black "l`Ami, Erwin"]
[Result "1/2-1/2"]
[WhiteElo "2537"]
[BlackElo "2344"]
[EventDate "2010.06.11"]
[PlyCount "174"]

1.c4 e5 2.Nc3 Nf6 3.Nf3 Nc6 4.d4 e4 5.Ng5 Bb4 6.d5 Bxc3+ 7.bxc3 Na5 8.Qd4 
c5 9.dxc6 Nxc6 10.Qd6 Qa5 11.Qa3 b6 12.f3 Ba6 13.Nxe4 Nxe4 14.fxe4 Bxc4 
15.g3 Rc8 16.Qxa5 Nxa5 17.Be3 O-O 18.Bd4 Rfe8 19.Bg2 f6 20.Rf1 Re7 21.Rf4 
Rce8 22.h4 Bf7 23.Bf2 Nc4 24.O-O-O Ne5 25.Kb2 Ng6 26.Rf5 Be6 27.Rb5 Bc4 
28.Rb4 Bxe2 29.Rd2 Bg4 30.c4 Rc8 31.c5 bxc5 32.Rb5 Re5 33.Rb7 a6 34.Rd6 
Ra8 35.Rc7 Ree8 36.Rxc5 Ne5 37.Bf1 Re6 38.Rxe6 Bxe6 39.Ra5 Nc4+ 40.Bxc4 
Bxc4 41.Kc3 Bb5 42.a4 Bc6 43.e5 fxe5 44.Rxe5 Rf8 45.Bc5 Rf3+ 46.Re3 Rxe3+ 
47.Bxe3 Bxa4 48.Bd4 Kf7 49.Kd3 g6 50.Ke3 Ke6 51.Bg7 Bd1 52.Bh8 a5 53.Bc3 
a4 54.Bg7 Kf5 55.Bh8 a3 56.Bg7 a2 57.Bh8 Kg4 58.Kf2 Ba4 59.Ba1 Bc6 60.Bh8 
Be4 61.Ba1 d5 62.Bb2 g5 63.hxg5 Kxg5 64.Ba1 Kg4 65.Bb2 h5 66.Ba1 Bf3 67.
Bb2 Bd1 68.Ba1 Bc2 69.Bb2 Bg6 70.Ba1 Be4 71.Bb2 Bf3 72.Ba1 h4 73.gxh4 Kf4 
74.Bb2 Ke4 75.Kf1 Ke3 76.Ke1 Bh5 77.Bc1+ Kd3 78.Bb2 d4 79.Kf2 Bg4 80.Ke1 
Be2 81.Kf2 Bd1 82.Ke1 Bh5 83.Kf2 Ke4 84.Ke1 Ke3 85.Bc1+ Kd3 86.Bb2 Bg4 87.
Kf2 Bh5 1/2-1/2

[Event "66th NED-ch"]
[Site "Eindhoven NED"]
[Date "2010.06.15"]
[Round "4"]
[White "Smeets, Jan"]
[Black "Nijboer, Friso"]
[Result "1-0"]
[WhiteElo "2312"]
[BlackElo "2565"]
[EventDate "2010.06.11"]
[PlyCount "121"]

1.d4 Nf6 2.c4 g6 3.g3 Bg7 4.Bg2 O-O 5.Nc3 d6 6.Nf3 a6 7.O-O Nc6 8.Bf4 Bg4 
9.Rc1 Qd7 10.b3 Rab8 11.d5 Nd8 12.c5 e5 13.Be3 Bh3 14.Qd2 Bxg2 15.Kxg2 Re8
16.cxd6 Qxd6 17.Ng5 c6 18.Rfd1 cxd5 19.Nge4 Nxe4 20.Nxe4 Qe6 21.Qxd5 Qxd5 
22.Rxd5 Ne6 23.Bb6 Re7 24.a4 f5 25.Nd2 e4 26.e3 h5 27.h3 Nf8 28.g4 hxg4 
29.hxg4 Rd7 30.Rcc5 Re8 31.gxf5 gxf5 32.Nc4 Rxd5 33.Rxd5 Ng6 34.Nd6 Re6 
35.a5 f4 36.Nxb7 f3+ 37.Kf1 Ne7 38.Nc5 Rh6 39.Rg5 Rh4 40.Ne6 Kf7 41.Nc5 
Bf6 42.Rg1 Nc6 43.Ke1 Bc3+ 44.Kd1 Nxa5 45.Bd8 Rh5 46.Nxe4 Rd5+ 47.Kc2 Rxd8
48.Kxc3 Rc8+ 49.Kb2 Rb8 50.Nd2 Kf6 51.Rg3 Nc6 52.Rxf3+ Ke6 53.Rh3 Ne5 54.
Rh6+ Kf5 55.Rh5+ Ke6 56.Rh6+ Kf5 57.Rh5+ Ke6 58.f4 Nd3+ 59.Kc3 Nf2 60.Re5+
Kf7 61.Nc4 1-0

[Event "66th NED-ch"]
[Site "Eindhoven NED"]
[Date "2010.06.15"]
[Round "4"]
[White "Van Kampen, Robin"]
[Black "Ernst, Sipke"]
[Result "1/2-1/2"]
[WhiteElo "2475"]
[BlackElo "2099"]
[EventDate "2010.06.11"]
[PlyCount "110"]

1.e4 e5 2.Nf3 Nc6 3.Bb5 a6 4.Ba4 Nf6 5.O-O Be7 6.Re1 b5 7.Bb3 d6 8.c3 O-O 
9.h3 a5 10.a4 b4 11.d4 bxc3 12.bxc3 exd4 13.cxd4 d5 14.Ne5 Nb4 15.Nc3 Be6 
16.exd5 Nfxd5 17.Ne4 f6 18.Nf3 Bf7 19.Ng3 Qd7 20.Nh4 g6 21.Bh6 Rfe8 22.Ne4
g5 23.Nf3 Kh8 24.Nc5 Qf5 25.Qb1 Qxb1 26.Raxb1 Kg8 27.h4 Bxc5 28.Bxd5 Bxd5 
29.dxc5 Bxf3 30.gxf3 gxh4 31.Bd2 Rxe1+ 32.Rxe1 Nd3 33.Re4 Nxc5 34.Rxh4 Ra6
35.Bc3 Kg7 36.Rc4 Ne6 37.Rg4+ Kf7 38.Kf1 h5 39.Rc4 Kg6 40.Bd2 c5 41.Kg2 
Ra8 42.Kf1 Ra7 43.Kg2 Kf5 44.Rh4 Rh7 45.Kf1 Nd4 46.Bxa5 Nxf3 47.Rc4 h4 48.
Rxc5+ Ke4 49.Rc4+ Kd5 50.Rc7 Rh8 51.Kg2 Ng5 52.Rc3 Ra8 53.Bd8 Rxa4 54.Bxf6
Rg4+ 55.Kh2 Nh7 1/2-1/2

[Event "66th NED-ch"]
[Site "Eindhoven NED"]
[Date "2010.06.16"]
[Round "5"]
[White "Ernst, Sipke"]
[Black "Spoelman, Wouter"]
[Result "1/2-1/2"]
[WhiteElo "2099"]
[BlackElo "2580"]
[EventDate "2010.06.11"]
[PlyCount "44"]

1.d4 d5 2.c4 c6 3.Nf3 Nf6 4.Nc3 dxc4 5.a4 e6 6.e3 c5 7.Bxc4 Nc6 8.O-O cxd4
9.exd4 Be7 10.Re1 O-O 11.Bg5 Bd7 12.Qe2 Rc8 13.Rad1 Nb4 14.Ne5 Nbd5 15.
Nxd5 Nxd5 16.Bxd5 Bxg5 17.Bxb7 Bxa4 18.Ra1 Rc7 19.Rxa4 Rxb7 20.Rea1 Bf6 
21.Rc4 Qb6 22.b4 Rc7 1/2-1/2

[Event "66th NED-ch"]
[Site "Eindhoven NED"]
[Date "2010.06.16"]
[Round "5"]
[White "Nijboer, Friso"]
[Black "Reinderman, Dimitri"]
[Result "1/2-1/2"]
[WhiteElo "2565"]
[BlackElo "2537"]
[EventDate "2010.06.11"]
[PlyCount "31"]

1.e4 Nf6 2.e5 Nd5 3.d4 d6 4.Nf3 dxe5 5.Nxe5 c6 6.Bc4 Nd7 7.Nf3 N7f6 8.O-O 
Bf5 9.Bb3 e6 10.c4 Nb6 11.Nc3 Be7 12.h3 Ne4 13.Be3 Nxc3 14.bxc3 O-O 15.c5 
Nd7 16.c4 1/2-1/2

[Event "66th NED-ch"]
[Site "Eindhoven NED"]
[Date "2010.06.16"]
[Round "5"]
[White "Van Wely, Loek"]
[Black "Smeets, Jan"]
[Result "1/2-1/2"]
[WhiteElo "2714"]
[BlackElo "2312"]
[EventDate "2010.06.11"]
[PlyCount "57"]

1.d4 d5 2.c4 c6 3.Nc3 Nf6 4.Nf3 e6 5.Bg5 h6 6.Bh4 dxc4 7.e4 g5 8.Bg3 b5 9.
Ne5 Bb7 10.h4 g4 11.Nxg4 Nxg4 12.Qxg4 Qxd4 13.Rd1 Qf6 14.a4 h5 15.Qg5 Qxg5
16.hxg5 a6 17.Be5 Rg8 18.Rxh5 Nd7 19.Bd4 c5 20.Be3 b4 21.Nb1 Bxe4 22.Nd2 
Bg6 23.Rh4 c3 24.bxc3 bxc3 25.Ne4 Bg7 26.Rc1 Bd4 27.Nxc3 Bxe3 28.fxe3 Ke7 
29.a5 1/2-1/2

[Event "66th NED-ch"]
[Site "Eindhoven NED"]
[Date "2010.06.17"]
[Round "6"]
[White "Bok, Benjamin"]
[Black "Ernst, Sipke"]
[Result "0-1"]
[WhiteElo "2430"]
[BlackElo "2099"]
[EventDate "2010.06.11"]
[PlyCount "118"]

1.e4 e5 2.Nf3 Nc6 3.Bb5 a6 4.Ba4 Nge7 5.c3 g6 6.d4 exd4 7.cxd4 b5 8.Bb3 
Bg7 9.O-O O-O 10.Nc3 d6 11.Nd5 Nxd5 12.Bxd5 Bb7 13.Bg5 Qd7 14.Qd2 Nd8 15.
Bxb7 Nxb7 16.Rac1 Rfe8 17.Rfe1 Nd8 18.d5 c5 19.dxc6 Nxc6 20.Bf4 Rad8 21.
Rcd1 Ne5 22.Nxe5 Bxe5 23.Bxe5 Rxe5 24.Qb4 Qc7 25.Qa3 a5 26.f3 Rc5 27.Re2 
Rc2 28.Qe3 Rc8 29.h3 a4 30.a3 h5 31.Kh1 Qc4 32.Red2 Rxd2 33.Qxd2 Qb3 34.
Rc1 Rxc1+ 35.Qxc1 Qd3 36.Qe1 Qd4 37.Qe2 Qc5 38.Qd2 h4 39.Kh2 Kg7 40.f4 Kf6
41.Kh1 Ke6 42.Qd1 Ke7 43.Qe1 Kd7 44.Kh2 g5 45.fxg5 Qe5+ 46.Kh1 Qxb2 47.Qa5
Qa1+ 48.Kh2 Qe5+ 49.Kh1 Qxg5 50.Qa7+ Ke6 51.Qa8 Qc1+ 52.Kh2 Qf4+ 53.Kh1 
Kf6 54.Qc6 Qe5 55.Qa8 Kg7 56.Qd8 Qf4 57.Qe7 Qf6 58.Qe8 Qa1+ 59.Kh2 Qe5+ 
0-1

[Event "66th NED-ch"]
[Site "Eindhoven NED"]
[Date "2010.06.17"]
[Round "6"]
[White "Reinderman, Dimitri"]
[Black "Van Kampen, Robin"]
[Result "1/2-1/2"]
[WhiteElo "2537"]
[BlackElo "2475"]
[EventDate "2010.06.11"]
[PlyCount "69"]

1.c4 e5 2.g3 c6 3.d4 Bb4+ 4.Bd2 Bxd2+ 5.Qxd2 d6 6.Nc3 Nf6 7.Bg2 O-O 8.e3 
Be6 9.b3 exd4 10.Qxd4 d5 11.cxd5 Nxd5 12.Nxd5 Bxd5 13.Bxd5 cxd5 14.Ne2 Nc6
15.Qb2 Re8 16.O-O Qg5 17.Rad1 Rad8 18.Rd2 Qg4 19.Nd4 Ne5 20.Qc2 Rc8 21.Qd1
Qh3 22.f3 Rc3 23.Re1 Rec8 24.Qe2 h5 25.Qf1 Qd7 26.Kg2 a6 27.Qe2 Qd6 28.
Red1 Qf6 29.e4 dxe4 30.Qxe4 b5 31.Qf5 Qxf5 32.Nxf5 R8c7 33.Re2 Rc2 34.Rdd2
Rxd2 35.Rxd2 1/2-1/2

[Event "66th NED-ch"]
[Site "Eindhoven NED"]
[Date "2010.06.17"]
[Round "6"]
[White "Spoelman, Wouter"]
[Black "l`Ami, Erwin"]
[Result "1/2-1/2"]
[WhiteElo "2580"]
[BlackElo "2344"]
[EventDate "2010.06.11"]
[PlyCount "67"]

1.d4 d5 2.c4 c6 3.Nf3 Nf6 4.e3 g6 5.Nc3 Bg7 6.Be2 O-O 7.O-O a6 8.Bd2 Ne4 
9.Rc1 Nxd2 10.Nxd2 e6 11.b4 Nd7 12.a4 b6 13.Nb3 Bb7 14.c5 e5 15.Nxd5 cxd5 
16.c6 Bc8 17.cxd7 Bxd7 18.b5 axb5 19.Bxb5 exd4 20.Nxd4 Bxd4 21.Qxd4 Bxb5 
22.axb5 Ra5 23.Rb1 Qd6 24.Rfc1 Rfa8 25.e4 Ra4 26.Qxd5 Qxd5 27.exd5 Rd4 28.
Rc6 Rb4 29.Rd1 Rxb5 30.g3 Rb8 31.d6 Rc5 32.Rxc5 bxc5 33.Kg2 Kg7 34.Rc1 
1/2-1/2

[Event "66th NED-ch"]
[Site "Eindhoven NED"]
[Date "2010.06.18"]
[Round "7"]
[White "Ernst, Sipke"]
[Black "Smeets, Jan"]
[Result "1/2-1/2"]
[WhiteElo "2099"]
[BlackElo "2312"]
[EventDate "2010.06.11"]
[PlyCount "41"]

1.d4 d5 2.c4 c6 3.Nf3 Nf6 4.Nc3 e6 5.Bg5 h6 6.Bxf6 Qxf6 7.Qb3 a5 8.e4 a4 
9.Qc2 a3 10.cxd5 axb2 11.Qxb2 exd5 12.exd5 Ba3 13.Qb3 Qe7+ 14.Be2 Bb4 15.
a4 O-O 16.Ne5 c5 17.O-O Bf5 18.d6 Qxd6 19.Nb5 Qe7 20.Bd3 cxd4 21.Bxf5 
1/2-1/2

[Event "66th NED-ch"]
[Site "Eindhoven NED"]
[Date "2010.06.18"]
[Round "7"]
[White "l`Ami, Erwin"]
[Black "Bok, Benjamin"]
[Result "1-0"]
[WhiteElo "2344"]
[BlackElo "2430"]
[EventDate "2010.06.11"]
[PlyCount "81"]

1.d4 Nf6 2.c4 g6 3.Nf3 Bg7 4.g3 O-O 5.Bg2 c6 6.O-O d5 7.b3 Nbd7 8.Bb2 Ne4 
9.Nbd2 Ndf6 10.Ne5 Nxd2 11.Qxd2 Bf5 12.Rac1 a5 13.e3 Qb6 14.Ba3 Rfe8 15.
Rfd1 Ne4 16.Qe2 a4 17.b4 Be6 18.Qc2 Nf6 19.Qb2 dxc4 20.Nxc4 Qb5 21.Ne5 Nd7
22.Nxd7 Bxd7 23.Rc5 Qb6 24.Rdc1 Rac8 25.Qc2 e5 26.d5 Bf8 27.dxc6 Bxc6 28.
Bxc6 bxc6 29.Rxc6 Rxc6 30.Qxc6 Qxc6 31.Rxc6 Rd8 32.Bb2 Rd2 33.Bxe5 Rxa2 
34.Rc8 Rd2 35.Bd4 a3 36.Bc5 a2 37.Rxf8+ Kg7 38.Ra8 Rd1+ 39.Kg2 a1=R 40.
Rxa1 Rxa1 41.Bd4+ 1-0

[Event "66th NED-ch"]
[Site "Eindhoven NED"]
[Date "2010.06.18"]
[Round "7"]
[White "Van Wely, Loek"]
[Black "Reinderman, Dimitri"]
[Result "1-0"]
[WhiteElo "2714"]
[BlackElo "2537"]
[EventDate "2010.06.11"]
[PlyCount "97"]

1.d4 f5 2.g3 Nf6 3.Bg2 g6 4.Nf3 Bg7 5.b4 Nc6 6.a3 d6 7.Bb2 e5 8.dxe5 Ng4 
9.Nbd2 Ncxe5 10.Qc1 Qe7 11.O-O O-O 12.h3 Nxf3+ 13.exf3 Nf6 14.Re1 Be6 15.
f4 c6 16.c4 Rfe8 17.Qc2 Qd7 18.Re3 Rad8 19.Rd1 Qf7 20.Rd3 h6 21.a4 c5 22.
b5 Kh7 23.Qc1 b6 24.Bc6 Re7 25.Nf3 Ne4 26.Ne5 Bxe5 27.fxe5 Bxc4 28.Bxe4 
Bxd3 29.Bxd3 dxe5 30.Bf1 Rxd1 31.Qxd1 Rd7 32.Qe1 e4 33.Qe3 Rd1 34.Qf4 Qe7 
35.Bc1 Qf8 36.h4 h5 37.Kg2 Qg7 38.Bc4 Rd8 39.Be3 Rd7 40.Qb8 Qh8 41.Qf4 Qg7
42.Be6 Rd8 43.Kh2 Re8 44.Bc4 Rd8 45.Bd2 Rd7 46.Kg2 Re7 47.Qe3 Rd7 48.Bc3 
Qh6 49.Bg8+ 1-0

[Event "66th NED-ch"]
[Site "Eindhoven NED"]
[Date "2010.06.19"]
[Round "8"]
[White "Nijboer, Friso"]
[Black "Ernst, Sipke"]
[Result "1/2-1/2"]
[WhiteElo "2565"]
[BlackElo "2099"]
[EventDate "2010.06.11"]
[PlyCount "141"]

1.e4 e5 2.Nf3 Nc6 3.Bb5 a6 4.Ba4 Nf6 5.O-O Nxe4 6.d4 b5 7.Bb3 d5 8.dxe5 
Be6 9.Nbd2 Nc5 10.c3 Be7 11.Bc2 d4 12.Nb3 dxc3 13.Nxc5 Bxc5 14.Be4 Qd7 15.
bxc3 Rd8 16.Qxd7+ Bxd7 17.e6 fxe6 18.Ng5 Ne7 19.Nxh7 Bd6 20.g3 Bc6 21.
Bxc6+ Nxc6 22.Ng5 Ke7 23.Re1 e5 24.h4 Rde8 25.a4 b4 26.cxb4 Nxb4 27.Re2 
Nd3 28.Ba3 Rb8 29.Rd1 Rb3 30.Bxd6+ cxd6 31.Red2 Nb2 32.Rc1 Rd8 33.Ne4 Nxa4
34.Rc7+ Kf8 35.Rxd6 Rxd6 36.Nxd6 Nc3 37.Nc4 e4 38.h5 Nd1 39.Rd7 Rd3 40.Ra7
e3 41.fxe3 Nxe3 42.Ne5 Rc3 43.Kf2 Kg8 44.Rxa6 Rc5 45.Ra8+ Kh7 46.Ng6 Ng4+ 
47.Kf3 Ne5+ 48.Nxe5 Rxe5 49.g4 Rb5 50.Ra4 Rb8 51.g5 Rf8+ 52.Rf4 Ra8 53.Rf7
Ra3+ 54.Kf4 Ra4+ 55.Kg3 Ra3+ 56.Kg4 Ra4+ 57.Rf4 Ra8 58.Re4 Rb8 59.Re5 Ra8 
60.Re7 Ra4+ 61.Kf5 Ra5+ 62.Re5 Ra8 63.Ke6 Kg8 64.Rd5 Re8+ 65.Kd7 Ra8 66.
Ke7 Kh7 67.Rd7 Ra5 68.h6 Rxg5 69.hxg7 Rxg7+ 70.Kd6 Rxd7+ 71.Kxd7 1/2-1/2

[Event "66th NED-ch"]
[Site "Eindhoven NED"]
[Date "2010.06.19"]
[Round "8"]
[White "Smeets, Jan"]
[Black "l`Ami, Erwin"]
[Result "1-0"]
[WhiteElo "2312"]
[BlackElo "2344"]
[EventDate "2010.06.11"]
[PlyCount "189"]

1.e4 e5 2.Nf3 Nc6 3.Bb5 a6 4.Ba4 Nf6 5.O-O Nxe4 6.d4 b5 7.Bb3 d5 8.dxe5 
Be6 9.Be3 Be7 10.c3 O-O 11.Nbd2 Qd7 12.Bc2 f5 13.exf6 Nxf6 14.Qb1 Kh8 15.
b4 a5 16.a3 axb4 17.axb4 Rxa1 18.Qxa1 Bd6 19.Bd3 Ne7 20.Re1 Bf5 21.Qb1 
Bxd3 22.Qxd3 Nf5 23.Bg5 c6 24.Bxf6 Rxf6 25.Nb3 Re6 26.Rxe6 Qxe6 27.g3 Ne7 
28.Qxh7+ Kxh7 29.Ng5+ Kg6 30.Nxe6 Kf5 31.Nbc5 Bxc5 32.Nxc5 d4 33.cxd4 Nd5 
34.Kg2 Nxb4 35.Kf3 Nc2 36.Nb3 Ne1+ 37.Ke2 Nc2 38.Kf3 Ne1+ 39.Ke2 Nc2 40.f3
Nb4 41.Ke3 Nd5+ 42.Kd3 Nb4+ 43.Kc3 Nd5+ 44.Kd2 g5 45.h3 Ne7 46.Nc5 Nd5 47.
Kd3 Nb4+ 48.Kd2 Nd5 49.Ne4 Ne7 50.Kc3 Nd5+ 51.Kb3 Kg6 52.Nc3 Nc7 53.Ne4 
Nd5 54.Nf2 Kf5 55.Nd3 Ke6 56.Nc5+ Kf5 57.Kc2 Nb4+ 58.Kd1 Nd5 59.Kd2 Ne7 
60.Ne4 Nd5 61.Nf2 Ke6 62.Kd3 Kf5 63.Ng4 Nb4+ 64.Kc3 Nd5+ 65.Kd3 Nb4+ 66.
Kc3 Nd5+ 67.Kd2 Ne7 68.Ne3+ Ke6 69.Kd3 Kf6 70.Ke4 Nc8 71.Nf5 Nb6 72.h4 
gxh4 73.Nxh4 Na4 74.Ng2 c5 75.Ne3 Nc3+ 76.Kd3 cxd4 77.Nc2 Nd5 78.Kxd4 Nc7 
79.Kc5 Ke5 80.Nd4 Kf6 81.Nxb5 Ne6+ 82.Kd5 Ng7 83.Nd4 Nh5 84.Ne2 Kg6 85.Ke5
Kg5 86.Ke4 Nf6+ 87.Ke3 Nh5 88.Kf2 Nf6 89.Kg2 Nd5 90.Kh3 Ne3 91.g4 Nf1 92.
f4+ Kg6 93.Kg2 Nd2 94.Ng3 Nb1 95.Ne4 1-0

[Event "66th NED-ch"]
[Site "Eindhoven NED"]
[Date "2010.06.20"]
[Round "9"]
[White "l`Ami, Erwin"]
[Black "Nijboer, Friso"]
[Result "1/2-1/2"]
[WhiteElo "2344"]
[BlackElo "2565"]
[EventDate "2010.06.11"]
[PlyCount "75"]

1.d4 Nf6 2.c4 g6 3.Nf3 Bg7 4.g3 O-O 5.Bg2 d5 6.cxd5 Nxd5 7.O-O Nb6 8.Nc3 
Nc6 9.e3 Re8 10.Re1 e5 11.d5 Ne7 12.e4 Bg4 13.h3 Bxf3 14.Qxf3 c6 15.Rd1 
cxd5 16.exd5 Nf5 17.d6 Nd4 18.Qxb7 Qxd6 19.Bg5 h6 20.Be3 Qf8 21.Rac1 Nc4 
22.Bxd4 exd4 23.Nd5 Rab8 24.Qxa7 Nxb2 25.Rd2 d3 26.Rc7 Ra8 27.Qb6 Re6 28.
Qb5 Rb8 29.Qa5 Rc8 30.Nf4 Rxc7 31.Qxc7 Qb4 32.Nxe6 Qxd2 33.Qd8+ Kh7 34.
Nf8+ Bxf8 35.Qxf8 Qe1+ 36.Bf1 d2 37.Qxf7+ Kh8 38.Qf8+ 1/2-1/2

[Event "66th NED-ch"]
[Site "Eindhoven NED"]
[Date "2010.06.20"]
[Round "9"]
[White "Spoelman, Wouter"]
[Black "Bok, Benjamin"]
[Result "0-1"]
[WhiteElo "2580"]
[BlackElo "2430"]
[EventDate "2010.06.11"]
[PlyCount "88"]

1.d4 Nf6 2.c4 g6 3.Nc3 d5 4.Bg5 Ne4 5.Bh4 Nxc3 6.bxc3 dxc4 7.e3 Be6 8.Nf3 
Bg7 9.Be2 Nd7 10.O-O Nb6 11.Nd2 O-O 12.e4 Qe8 13.Qc2 Qa4 14.Qxa4 Nxa4 15.
Rac1 b5 16.Bd1 Nb2 17.Bxe7 Rfe8 18.Ba3 Nd3 19.Rb1 c5 20.Rxb5 cxd4 21.cxd4 
Bxd4 22.Nf3 Bg7 23.Ng5 Bh6 24.Nxe6 Rxe6 25.Ra5 Rb8 26.Rxa7 Rxe4 27.Rc7 Bf4
28.Rc6 Ne5 29.Rc5 Ra8 30.Bb2 Nd3 31.Rb5 Rxa2 32.Bf3 Re8 33.Bd4 Be5 34.Be3 
c3 35.g3 c2 36.Be4 c1=Q 37.Bxc1 Nxc1 38.Rxc1 Bd4 39.Bc6 Ree2 40.Rb8+ Kg7 
41.Bd5 Rad2 42.Rb4 Bxf2+ 43.Kf1 Be3 44.Re4 Rxd5 0-1